00451nam a2200169Ia 450000500170000000800410001702000220005804100120008008200150009210000270010724500510013425000080018526000260019350000080021965000330022770000210026020240823031909.0240823s9999||||xx |||||||||||||| ||und|| a978-81-317-0709-8 aENGLISH A621.319 P7 a"Faulkenberry,Luces M" 0aElectrical Power Distribution and Transmission a1st c2012b"Pearson ,Sing" aYES aElectrical PowerbElectrical a" Coffer,Walter"